[Event "London Classic FIDE Open"]
[Site "London ENG"]
[Date "2011.12.11"]
[Round "9"]
[White "Weber, Tom"]
[Black "Cox, John J"]
[Result "1-0"]
[WhiteTitle "FM"]
[BlackTitle "IM"]
[WhiteElo "2355"]
[BlackElo "2423"]
[WhiteFideId "4000609"]
[BlackFideId "401064"]
[EventDate "2011.12.03"]

1. Nf3 c5 2. g3 Nc6 3. Bg2 g6 4. O-O Bg7 5. c4 Nh6 6. Nc3 Nf5 7. a3 O-O 8. Rb1
a5 9. d3 b6 10. Bd2 Bb7 11. Ne1 e6 12. Nc2 Nfd4 13. Nxd4 cxd4 14. Nb5 d5 15.
cxd5 exd5 16. Qb3 Qe7 17. Rfe1 a4 18. Qxd5 Rfd8 19. Qc4 Ne5 20. Qb4 Qd7 21. Bxb7
Qxb7 22. Nd6 Qc6 23. Nc4 Nd7 24. Qd6 Qxd6 25. Nxd6 Nc5 26. Nc4 Nb3 27. Bf4 b5
28. Nd2 Nc5 29. Ne4 Nxe4 30. dxe4 Rac8 31. e5 Rc2 32. Kf1 Kf8 33. Red1 h6 34. h4
Ke7 35. Rd3 Ke6 36. b3 Kf5 37. bxa4 g5 38. hxg5 hxg5 39. Bd2 bxa4 40. Rb5 g4 41.
Ra5 Rc4 42. f3 Rb8 43. fxg4+ Kxg4 44. e6 f5 45. Rf3 Rc2 46. Rfxf5 Rxd2 47. Rg5+
Kh3 48. Rxg7 Rf8+ 49. Rf7 Rg8 50. e7 Kxg3 51. Rf3+ Kh4 52. Rf8 Rd1+ 53. Kf2 Rdg1
54. Rxg8 Rxg8 55. Rxa4 1-0

[Event "London Classic FIDE Open"]
[Site "London ENG"]
[Date "2011.12.11"]
[Round "9"]
[White "Roy Chowdhury, Saptarshi"]
[Black "Coleman, David J"]
[Result "1/2-1/2"]
[WhiteTitle "IM"]
[BlackTitle "CM"]
[WhiteElo "2411"]
[BlackElo "2244"]
[WhiteFideId "5002974"]
[BlackFideId "402087"]
[EventDate "2011.12.03"]

1. e4 d5 2. exd5 Qxd5 3. Nc3 Qa5 4. Nf3 Nf6 5. Bc4 c6 6. d3 Bg4 7. Qe2 Nbd7 8.
Bd2 Qf5 9. Bb3 e6 10. O-O-O Bxf3 11. gxf3 Ne5 12. d4 Nxf3 13. d5 Nd4 14. Qc4
Nxb3+ 15. Qxb3 Bc5 16. dxe6 O-O 17. Rhe1 fxe6 18. f4 Nd5 19. Ne4 Bd4 20. Ng3 Qf7
21. Ne4 Qf5 22. Kb1 b5 23. Bc1 c5 24. Nd6 Qf6 25. c3 c4 26. Qc2 Bb6 27. f5 Nc7
28. Rf1 Rad8 29. Ne4 Qe5 30. Rxd8 Rxd8 31. f6 Rf8 32. Ng5 g6 33. Qd2 Qd5 34. f7+
Kh8 35. Qe1 h6 36. Qh4 h5 37. Ka1 e5 38. Qg3 Ne6 39. Nf3 Rxf7 40. Qxg6 Nf4 41.
Qh6+ Kg8 42. Ng5 Rd7 43. a4 b4 44. Rxf4 exf4 45. Qg6+ Kf8 46. Ne6+ Ke7 47. Nxf4
Qd1 48. Qe4+ Kd6 49. Kb1 1/2-1/2

[Event "London Classic FIDE Open"]
[Site "London ENG"]
[Date "2011.12.11"]
[Round "9"]
[White "Bates, Richard A"]
[Black "White, Michael J R"]
[Result "1-0"]
[WhiteTitle "IM"]
[BlackTitle "FM"]
[WhiteElo "2386"]
[BlackElo "2214"]
[WhiteFideId "403555"]
[BlackFideId "407380"]
[EventDate "2011.12.03"]

1. d4 Nf6 2. Nf3 g6 3. g3 Bg7 4. Bg2 O-O 5. O-O d5 6. c4 dxc4 7. Na3 c3 8. bxc3
c5 9. e3 Nc6 10. Qe2 Nd5 11. Bb2 Nb6 12. Rac1 Qd5 13. c4 Qh5 14. d5 Ne5 15. Bxe5
Bxe5 16. Qc2 Bg7 17. Ne1 Bh3 18. f4 Bxg2 19. Qxg2 Qf5 20. e4 Qd7 21. e5 f6 22.
e6 Qa4 23. Rf3 f5 24. Rb3 Nc8 25. Nb5 Qa5 26. Ra3 Qb6 27. Nd3 Nd6 28. Nxd6 Qxd6
29. Rb3 Bd4+ 30. Kf1 Rfb8 31. Rcb1 b6 32. Qe2 a6 33. Ne5 Bxe5 34. Qxe5 Qd8 35.
a4 Ra7 36. a5 b5 37. cxb5 axb5 38. Rxb5 Rc8 39. Rb8 Ra8 40. R8b7 Rxa5 41. Rd7
Qf8 42. d6 exd6 43. Qd5 Re8 44. Rb8 c4 45. Qxa5 Rxb8 46. e7 Rb1+ 47. Ke2 Rb2+
48. Kd1 1-0

[Event "London Classic FIDE Open"]
[Site "London ENG"]
[Date "2011.12.11"]
[Round "9"]
[White "Martyn, Rafe"]
[Black "Mikkelsen, Nikolaj"]
[Result "0-1"]
[WhiteTitle "FM"]
[BlackTitle "IM"]
[WhiteElo "2249"]
[BlackElo "2381"]
[WhiteFideId "409626"]
[BlackFideId "1407970"]
[EventDate "2011.12.03"]

1. d4 Nf6 2. c4 g6 3. Nf3 Bg7 4. g3 d6 5. Bg2 O-O 6. O-O c6 7. Nc3 Qa5 8. e4 Bg4
9. h3 Bxf3 10. Bxf3 e5 11. Be3 Nbd7 12. Bg2 Qb4 13. Qe2 Nb6 14. dxe5 dxe5 15. c5
Nc4 16. Rfc1 Nxe3 17. Qxe3 Rfd8 18. Nd1 Qd4 19. Rab1 Qxe3 20. Nxe3 Bh6 21. Rd1
Bxe3 22. fxe3 Kf8 23. Kf2 Ke7 24. Bf3 h5 25. h4 a5 26. b3 Rxd1 27. Rxd1 Nd7 28.
Rc1 Kd8 29. Be2 Kc7 30. Kf3 Rd8 31. a3 Nf6 32. Rd1 Nd7 33. Rc1 Rf8 34. Bf1 b6
35. cxb6+ Kxb6 36. Bc4 Nf6 37. Rd1 Kc7 38. Rd2 Ng4 39. Rd1 f5 40. Rd2 fxe4+ 41.
Kxe4 Rf5 42. Kd3 Rf3 43. Rg2 Rxe3+ 44. Kd2 e4 45. Re2 Rxe2+ 46. Kxe2 Kd6 47. b4
axb4 48. axb4 Nh6 49. Kf2 Nf5 50. Bf7 Ne7 51. Be8 Kd5 52. Ke3 Ke5 53. Kf2 Kd4
54. b5 e3+ 55. Ke2 cxb5 56. Bxb5 Nf5 57. Be8 Nxg3+ 58. Kf3 Kd3 59. Bxg6+ Kd2 0-1

[Event "London Classic FIDE Open"]
[Site "London ENG"]
[Date "2011.12.11"]
[Round "9"]
[White "Hebden, Mark L"]
[Black "Zygourakis, Themistoklis"]
[Result "1-0"]
[WhiteTitle "GM"]
[WhiteElo "2515"]
[BlackElo "1688"]
[WhiteFideId "400084"]
[BlackFideId "4215141"]
[EventDate "2011.12.03"]

1. d4 d5 2. Nf3 e6 3. c4 c6 4. e3 Nf6 5. Bd3 Nbd7 6. b3 Be7 7. O-O O-O 8. Nc3
Re8 9. Bb2 Qc7 10. Rc1 Qb8 11. Qc2 Nf8 12. Ne5 Bd6 13. f4 b5 14. Nxc6 Qb6 15.
cxb5 Bd7 16. Ne5 Rec8 17. Qe2 Rc7 18. Na4 Qb8 19. Nc5 Bxc5 20. dxc5 a6 21. b6
Rc8 22. c6 Qxb6 23. cxd7 N8xd7 24. Bd4 Qd6 25. Rxc8+ Rxc8 26. Nxd7 1-0

[Event "London Classic FIDE Open"]
[Site "London ENG"]
[Date "2011.12.11"]
[Round "9"]
[White "Perez, Flavio"]
[Black "Buckley, Graeme N"]
[Result "0-1"]
[BlackTitle "IM"]
[WhiteElo "2245"]
[BlackElo "2383"]
[WhiteFideId "623911"]
[BlackFideId "402265"]
[EventDate "2011.12.03"]

1. e4 c5 2. Nc3 Nc6 3. g3 g6 4. Bg2 Bg7 5. d3 Rb8 6. Be3 b5 7. Qd2 d6 8. Nge2
Nd4 9. O-O h5 10. f4 Nh6 11. h3 b4 12. Nd1 f5 13. c3 bxc3 14. bxc3 Nxe2+ 15.
Qxe2 Ba6 16. Rc1 Qa5 17. e5 O-O 18. c4 Bb7 19. Bd2 Qc7 20. e6 Kh7 21. Bc3 Bxg2
22. Kxg2 Ng8 23. g4 Qc6+ 24. Kg3 fxg4 25. hxg4 Nh6 26. Bxg7 Kxg7 27. Ne3 hxg4
28. Nd5 Nf5+ 29. Kxg4 Nd4 30. Qe4 Rb2 31. Rb1 Rfb8 32. Rxb2 Rxb2 33. f5 Re2 34.
fxg6 Rxe4+ 35. dxe4 Qe8 36. Rf7+ Kxg6 37. Nxe7+ Kh6 38. Rf6+ Kg7 39. Rf7+ Kh6
40. Rf6+ Kg7 41. Rf7+ Qxf7 42. exf7 Kxf7 43. Nc8 Ke6 44. Nxa7 Nc2 45. Kf4 Na3
46. Nb5 Nxc4 47. Nc3 Na3 48. Nd5 Nc4 49. Nc3 Kd7 50. a4 Kc6 51. Kf5 Ne5 52. Ke6
c4 53. a5 Nd3 54. Kf5 Nb4 55. Ke6 Na6 56. Kf6 Nc7 57. e5 d5 58. e6 d4 59. Ne2 d3
60. Nc3 Kc5 61. e7 Kb4 62. a6 Kxc3 63. a7 d2 64. a8=Q Nxa8 65. e8=Q d1=Q 66.
Qxa8 Qd4+ 67. Kf5 Kb2 68. Qb7+ Kc2 69. Qb4 Qd3+ 70. Kg4 c3 71. Qa4+ Kd2 72. Qf4+
Kd1 73. Qa4+ c2 74. Kf4 Ke2 75. Qa2 0-1

[Event "London Classic FIDE Open"]
[Site "London ENG"]
[Date "2011.12.11"]
[Round "9"]
[White "Rendboe, John"]
[Black "Getz, Nicolai"]
[Result "0-1"]
[WhiteTitle "FM"]
[BlackTitle "IM"]
[WhiteElo "2242"]
[BlackElo "2369"]
[WhiteFideId "1403664"]
[BlackFideId "1505572"]
[EventDate "2011.12.03"]

1. d4 Nf6 2. c4 d6 3. Nf3 Nbd7 4. g3 e5 5. Bg2 Be7 6. O-O O-O 7. Nc3 c6 8. b3 e4
9. Ne1 d5 10. f3 Bb4 11. Bb2 Re8 12. Nc2 Bxc3 13. Bxc3 dxc4 14. bxc4 Nb6 15. d5
Nxc4 16. Bxf6 Qxf6 17. fxe4 Qh6 18. Qd4 Ne5 19. Ne3 Bh3 20. Rf4 Bxg2 21. Kxg2
cxd5 22. exd5 Qa6 23. Rf2 Rad8 24. Nf5 Qc4 25. Rd1 Qxd4 26. Rxd4 g6 27. Ne3 f5
28. h3 Nf7 29. Rd3 Re4 30. Rf4 Re5 31. h4 Rde8 32. Kf2 Nd6 33. g4 fxg4 34. Rxg4
Ne4+ 35. Kf3 Nc5 36. Rc3 b6 37. Rf4 Kg7 38. a4 h6 39. a5 g5 40. hxg5 hxg5 41.
Rf5 Rxf5+ 42. Nxf5+ Kf6 43. Nd6 Rh8 44. Ne4+ Nxe4 45. Kxe4 Rh4+ 46. Kd3 bxa5 47.
Rc7 Ke5 48. Rg7 Rg4 49. Rxa7 Rd4+ 50. Ke3 Rxd5 51. Kf3 Kd4 52. e4 Re5 53. Rd7+
Kc4 54. Rc7+ Kb4 55. Ke3 a4 56. Kd3 Ra5 57. Rb7+ Rb5 58. Rh7 a3 59. e5 a2 60.
Rh1 Ka3 0-1

[Event "London Classic FIDE Open"]
[Site "London ENG"]
[Date "2011.12.11"]
[Round "9"]
[White "Berry, Neil"]
[Black "Arvola, Benjamin"]
[Result "1/2-1/2"]
[WhiteTitle "FM"]
[WhiteElo "2312"]
[BlackElo "2232"]
[WhiteFideId "2400650"]
[BlackFideId "1506536"]
[EventDate "2011.12.03"]

1. d4 f5 2. g3 Nf6 3. Nf3 g6 4. c4 Bg7 5. b4 O-O 6. Bb2 c6 7. a4 Ne4 8. Bg2 d6
9. O-O Be6 10. Nbd2 Qb6 11. Qb3 Nxd2 12. Nxd2 a5 13. d5 Bxb2 14. Qxb2 Bc8 15. b5
e5 16. dxe6 Bxe6 17. Qc3 Nd7 18. bxc6 bxc6 19. Rfb1 Qc5 20. Nb3 Qe5 21. Qxe5
Nxe5 22. c5 Bxb3 23. Rxb3 d5 24. Rb6 Rab8 25. Ra6 Ra8 26. Rb6 Rab8 27. Ra6 Ra8
28. Rb6 1/2-1/2

[Event "London Classic FIDE Open"]
[Site "London ENG"]
[Date "2011.12.11"]
[Round "9"]
[White "Ethelontis, Alexandros N"]
[Black "Alfred, Nathan S W"]
[Result "0-1"]
[BlackTitle "FM"]
[WhiteElo "2186"]
[BlackElo "2294"]
[WhiteFideId "405469"]
[BlackFideId "407739"]
[EventDate "2011.12.03"]

1. c4 b6 2. Nc3 Bb7 3. e4 e6 4. Nge2 f5 5. d3 Nf6 6. g3 b5 7. cxb5 Bc5 8. Bg2
fxe4 9. O-O O-O 10. Bg5 h6 11. Bxf6 Qxf6 12. d4 Bb6 13. Nxe4 Bxe4 14. Bxe4 d5
15. Bg2 a6 16. bxa6 Rxa6 17. Qd3 Ra4 18. Qd1 Ra7 19. b4 Nc6 20. a4 Nxb4 21. Ra3
Nc6 22. Rf3 Qe7 23. Rxf8+ Qxf8 24. Qb3 Qf6 25. Rd1 Ra8 26. Qc3 Ne7 27. Nf4 Rxa4
28. Qe3 Rxd4 29. Rxd4 Bxd4 30. Qxe6+ Qxe6 31. Nxe6 Bb6 32. Nf4 c6 33. Kf1 Kf7
34. Ke2 g5 35. Nd3 Kf6 36. f4 gxf4 37. Nxf4 Ke5 38. Nd3+ Kd4 39. g4 c5 40. Nf4
c4 41. h4 Ke5 42. Nh3 d4 43. g5 d3+ 44. Kd2 Ba5+ 45. Kc1 d2+ 46. Kc2 Nf5 47. Nf2
Ne3+ 48. Kb1 Nxg2 49. gxh6 Kf6 50. h5 Ne3 51. Ne4+ Kf7 0-1

[Event "London Classic FIDE Open"]
[Site "London ENG"]
[Date "2011.12.11"]
[Round "9"]
[White "Spivack, Simon S Y"]
[Black "Lemeaux, David"]
[Result "1/2-1/2"]
[WhiteElo "2175"]
[BlackElo "2279"]
[WhiteFideId "404780"]
[BlackFideId "613843"]
[EventDate "2011.12.03"]

1. Nf3 Nf6 2. g3 d5 3. Bg2 c6 4. O-O Bf5 5. d3 h6 6. Nfd2 e5 7. e4 dxe4 8. dxe4
Be6 9. Qe2 Nbd7 10. Nc3 Be7 11. h3 Nb6 12. a4 a5 13. Nd1 O-O 14. f4 Qc7 15. f5
Bd7 16. Ne3 Rfd8 17. Kh1 Be8 18. b3 Bb4 19. Ndc4 Bc3 20. Nxb6 Qxb6 21. Nc4 Qa6
22. Rb1 b5 23. Nb2 Qb7 24. Qf3 Bd4 25. c3 Bc5 26. Nd3 Bd6 1/2-1/2

[Event "London Classic FIDE Open"]
[Site "London ENG"]
[Date "2011.12.11"]
[Round "9"]
[White "Tozer, Philip A A"]
[Black "Gagare, Shardul"]
[Result "1-0"]
[BlackTitle "FM"]
[WhiteElo "2159"]
[BlackElo "2275"]
[WhiteFideId "419982"]
[BlackFideId "5037883"]
[EventDate "2011.12.03"]

1. c4 c5 2. g3 g6 3. Nc3 Bg7 4. Bg2 Nc6 5. Nf3 Nf6 6. d4 cxd4 7. Nxd4 O-O 8. O-O
Nxd4 9. Qxd4 d6 10. Qd3 a6 11. Be3 Bf5 12. Qd2 Qd7 13. Rfd1 Bh3 14. Bh1 Rac8 15.
b3 b5 16. cxb5 axb5 17. a4 bxa4 18. bxa4 Rc4 19. Bd4 Rfc8 20. Nb5 Bf5 21. Rdc1
Ne4 22. Qb2 Bxd4 23. Nxd4 Nc3 24. a5 e5 25. Rxc3 Rxc3 26. Nxf5 gxf5 27. Bb7 R8c7
28. a6 Rc2 29. Qb6 Rc1+ 30. Rxc1 Rxc1+ 31. Kg2 Qc7 32. Qxc7 Rxc7 33. a7 1-0

[Event "London Classic FIDE Open"]
[Site "London ENG"]
[Date "2011.12.11"]
[Round "9"]
[White "Prosviriakov, Vladimir"]
[Black "Zymberi, Astrit"]
[Result "1/2-1/2"]
[WhiteTitle "IM"]
[WhiteElo "2274"]
[BlackElo "2138"]
[WhiteFideId "2004860"]
[BlackFideId "4700295"]
[EventDate "2011.12.03"]

1. e4 c5 2. Nf3 Nc6 3. Bb5 g6 4. O-O Bg7 5. Re1 Nf6 6. c3 O-O 7. d4 cxd4 8. cxd4
d5 9. e5 Ne4 10. h3 f6 11. Nc3 fxe5 12. Bxc6 Nxc3 13. bxc3 e4 14. Bxd5+ Qxd5 15.
Ng5 e5 16. dxe5 Qxd1 17. Rxd1 Bxe5 18. Ba3 Re8 19. Nxe4 Bf5 20. Nd6 Bxd6 21.
Bxd6 Rac8 22. Rac1 Red8 23. a3 Rc6 24. Be5 Rxd1+ 25. Rxd1 Kf7 26. g4 Be6 27. Rb1
b6 28. Bd4 Rc4 29. Kg2 Ra4 30. Ra1 g5 31. Kg3 b5 32. Kf3 Bd5+ 33. Ke3 Ra6 34. f3
Re6+ 35. Kf2 a6 36. a4 Bc4 37. axb5 Re2+ 38. Kg3 Bxb5 39. f4 gxf4+ 40. Kxf4 Re6
41. h4 Bd3 42. Be5 Be2 43. Ra5 Bb5 44. Ra2 Re7 45. Rd2 Rd7 46. Bd4 Re7 47. Kg5
Re2 48. Rxe2 Bxe2 49. Kf5 a5 50. g5 a4 51. Bc5 Bd3+ 52. Ke5 Kg6 53. Kf4 Kh5 54.
Be7 a3 55. Bxa3 Kxh4 56. Bf8 Kh5 57. Bh6 Kg6 58. Ke3 Bf1 59. Kd4 Kf7 60. Kd5 Ke8 1/2-1/2

[Event "London Classic FIDE Open"]
[Site "London ENG"]
[Date "2011.12.11"]
[Round "9"]
[White "Radovanovic, Jovica"]
[Black "Holzhauer, Bjoern"]
[Result "1-0"]
[WhiteTitle "FM"]
[WhiteElo "2309"]
[BlackElo "2131"]
[WhiteFideId "915912"]
[BlackFideId "20605544"]
[EventDate "2011.12.03"]

1. Nf3 c5 2. g3 Nc6 3. Bg2 e5 4. e4 g6 5. O-O Bg7 6. c3 Nge7 7. Re1 O-O 8. d3 d5
9. Nbd2 dxe4 10. dxe4 h6 11. Bf1 Bg4 12. h3 Be6 13. Nc4 Qc8 14. Kh2 Rd8 15. Qe2
b5 16. Ne3 Rb8 17. Nh4 Qc7 18. Qf3 Kh7 19. g4 Na5 20. Nhf5 b4 21. Nxg7 Kxg7 22.
Nf5+ Nxf5 23. gxf5 Bc4 24. f6+ Kh7 25. Qg3 Qd6 26. Bxh6 Rh8 27. Bg7 Kg8 28. Rad1
Qe6 29. Bxh8 Kxh8 30. Qh4+ Kg8 31. Rd7 Bxf1 32. Rxf1 Qe8 33. Qh6 Qf8 34. Qxf8+
Kxf8 35. cxb4 cxb4 36. Rc1 Nb7 37. Rxb7 1-0

[Event "London Classic FIDE Open"]
[Site "London ENG"]
[Date "2011.12.11"]
[Round "9"]
[White "Afek, Yochanan"]
[Black "Mareckova, Martina"]
[Result "1-0"]
[WhiteTitle "IM"]
[WhiteElo "2301"]
[BlackElo "2123"]
[WhiteFideId "2800462"]
[BlackFideId "327930"]
[EventDate "2011.12.03"]

1. e4 e5 2. Nf3 Nc6 3. d4 exd4 4. Nxd4 Bc5 5. Nb3 Bb6 6. Nc3 d6 7. Qe2 Nf6 8. f3
Be6 9. Bg5 h6 10. Bh4 Qe7 11. O-O-O a6 12. Nd5 Bxd5 13. exd5 Qxe2 14. Bxe2 Ne5
15. Bxf6 gxf6 16. g3 O-O 17. Nd4 Bxd4 18. Rxd4 Rfe8 19. f4 Ng6 20. Kd2 f5 21.
Rc4 Rac8 22. Rf1 Kg7 23. g4 Kf6 24. a4 Ne7 25. Bf3 fxg4 26. Bxg4 Nf5 27. Rf3 Re7
28. Rfc3 Kg6 29. a5 h5 30. Bf3 Nh4 31. Bd1 Nf5 32. Rb4 c5 33. dxc6 bxc6 34. Rb6
c5 35. Rxa6 Re4 36. Rf3 Rd4+ 37. Kc1 Re8 38. c3 Rd5 39. Rf1 Ne3 40. Re1 Kf5 41.
Bb3 c4 42. Bxc4 Rc5 43. Bxf7 Re7 44. Bxh5 Kxf4 45. Bd1 Ree5 46. Rxd6 Rxa5 47.
Rd4+ 1-0

[Event "London Classic FIDE Open"]
[Site "London ENG"]
[Date "2011.12.11"]
[Round "9"]
[White "Webb, Laurence E"]
[Black "McKenna, Jason P"]
[Result "0-1"]
[WhiteTitle "FM"]
[WhiteElo "2283"]
[BlackElo "2110"]
[WhiteFideId "402389"]
[BlackFideId "403857"]
[EventDate "2011.12.03"]

1. e4 g6 2. d4 Bg7 3. Nc3 d6 4. Nf3 Nf6 5. Be3 c6 6. h3 O-O 7. Qd2 Nbd7 8. O-O-O
b5 9. e5 b4 10. exf6 bxc3 11. Qxc3 Nxf6 12. Qxc6 Be6 13. Qa4 Qc7 14. Bd3 Rab8
15. Ng5 Bd7 16. Qa3 Nd5 17. Ne4 Rfc8 18. Nc3 Nb4 19. Rhe1 e5 20. dxe5 Bxe5 21.
Bd2 Be6 22. Re4 Nxd3+ 23. cxd3 d5 24. Rxe5 Qxe5 25. d4 Qxd4 26. Be3 Qe4 27. Rd4
Qxg2 28. Qxa7 Bf5 29. Qa5 Qh1+ 30. Rd1 Qe4 31. Rd2 0-1

[Event "London Classic FIDE Open"]
[Site "London ENG"]
[Date "2011.12.11"]
[Round "9"]
[White "Eckersley-Waites, Tom"]
[Black "Varnam, Liam D"]
[Result "1-0"]
[WhiteElo "2276"]
[BlackElo "2059"]
[WhiteFideId "412449"]
[BlackFideId "410950"]
[EventDate "2011.12.03"]

1. d4 d5 2. c4 dxc4 3. Nf3 Nf6 4. e3 e6 5. Bxc4 c5 6. O-O a6 7. Bb3 b5 8. a4 b4
9. Nbd2 Bb7 10. e4 cxd4 11. e5 Nfd7 12. Nc4 Nc6 13. Bg5 Qc7 14. Rc1 Nc5 15. Ba2
h6 16. Bh4 g5 17. Nd6+ Bxd6 18. exd6 Qxd6 19. Bg3 e5 20. Re1 Nd7 21. Nd2 Na5 22.
Qh5 b3 23. Bb1 Kf8 24. Qg4 Re8 25. h4 gxh4 26. Qxh4 Qe7 27. Bf5 Qxh4 28. Bxh4
Nb6 29. Bf6 Rg8 30. Bxe5 Rxg2+ 31. Kf1 Kg8 32. Bxd4 Rd8 33. Bf6 Ra8 34. Ne4 Rh2
35. Kg1 Rh5 36. Ng3 Rxf5 37. Nxf5 Kh7 38. Ne7 Nbc4 39. Rc3 Nd2 40. Rg3 Nf3+ 41.
Kf1 Ng5 42. Re5 Nc6 43. Rexg5 hxg5 44. Rh3# 1-0

[Event "London Classic FIDE Open"]
[Site "London ENG"]
[Date "2011.12.11"]
[Round "9"]
[White "Nelson, Omowale"]
[Black "Sreeves, Clement"]
[Result "0-1"]
[WhiteElo "2070"]
[BlackElo "2247"]
[WhiteFideId "7400209"]
[BlackFideId "2402564"]
[EventDate "2011.12.03"]

1. d4 Nf6 2. c4 g6 3. Nc3 Bg7 4. e4 d6 5. Nf3 O-O 6. h3 e5 7. d5 a5 8. Be3 Na6
9. g4 Nd7 10. Rg1 Kh8 11. Nd2 Ndc5 12. a3 Bd7 13. Qc2 c6 14. O-O-O a4 15. Kb1
Qa5 16. g5 Rfc8 17. Rc1 cxd5 18. exd5 Bf5 19. Nce4 b5 20. f3 b4 21. Ka1 Rcb8 22.
Bd3 bxa3 23. bxa3 Rb3 24. Bxc5 Nxc5 25. Nxc5 Rxa3+ 26. Kb2 Qb4+ 0-1

[Event "London Classic FIDE Open"]
[Site "London ENG"]
[Date "2011.12.11"]
[Round "9"]
[White "Wallace, Paul"]
[Black "Eriksen, Magnus"]
[Result "1-0"]
[WhiteElo "2229"]
[BlackElo "2063"]
[WhiteFideId "2500892"]
[BlackFideId "1509764"]
[EventDate "2011.12.03"]

1. e4 c5 2. Nf3 Nc6 3. d4 cxd4 4. Nxd4 Nf6 5. Nc3 d6 6. Bg5 Bd7 7. Qd2 Nxd4 8.
Qxd4 h6 9. Bxf6 gxf6 10. O-O-O Qa5 11. Bc4 Rc8 12. Bb3 Qc5 13. Qd2 e6 14. f4 Be7
15. Rhe1 Kf8 16. e5 d5 17. Kb1 fxe5 18. Rxe5 Bf6 19. Ne4 Qe7 20. Nxf6 Qxf6 21.
c4 Kg7 22. cxd5 exd5 23. g4 Rhe8 24. g5 Bf5+ 25. Ka1 hxg5 26. Rxe8 Rxe8 27. fxg5
Qe5 28. h4 Rd8 29. Re1 Be4 30. h5 Rd7 31. a3 b6 32. Bc2 Re7 33. Qe3 Kg8 34. g6
fxg6 35. hxg6 Rg7 36. Bxe4 Qxe4 37. Qc1 Qxg6 38. Qc8+ Kf7 39. Qe8+ 1-0

[Event "London Classic FIDE Open"]
[Site "London ENG"]
[Date "2011.12.11"]
[Round "9"]
[White "Britton, Richard L"]
[Black "Compton, Alistair"]
[Result "1-0"]
[WhiteTitle "FM"]
[WhiteElo "2219"]
[BlackElo "2024"]
[WhiteFideId "401692"]
[BlackFideId "4300645"]
[EventDate "2011.12.03"]

1. e4 e6 2. d4 d5 3. Nc3 Bb4 4. e5 Ne7 5. a3 Bxc3+ 6. bxc3 Nf5 7. Bd3 b6 8. h4
Ba6 9. Bxf5 exf5 10. h5 Nc6 11. h6 g6 12. Nh3 Na5 13. Bg5 Qd7 14. Bf6 O-O 15.
Nf4 Rfe8 16. Qf3 c5 17. Bg7 Rad8 18. Nh5 Re6 19. Nf6+ Rxf6 20. Bxf6 Rc8 21. Rd1
Qa4 22. dxc5 Qxc2 23. Rxd5 bxc5 24. Rd2 Qb1+ 25. Rd1 Qc2 26. Rh3 Bc4 27. Rd2
Qb1+ 28. Qd1 Qxd1+ 29. Rxd1 Nc6 30. Rd6 Kf8 31. Rh4 Bb3 32. f4 Ne7 33. g3 Nd5
34. Rh2 Nxf6 35. exf6 Ke8 36. Re2+ Be6 37. Rb2 1-0

[Event "London Classic FIDE Open"]
[Site "London ENG"]
[Date "2011.12.11"]
[Round "9"]
[White "Thingstad, Even"]
[Black "Gschwendtner, Stanislav"]
[Result "1-0"]
[WhiteElo "2213"]
[BlackElo "2011"]
[WhiteFideId "1506439"]
[BlackFideId "307297"]
[EventDate "2011.12.03"]

1. d4 Nf6 2. c4 g6 3. Nc3 d5 4. cxd5 Nxd5 5. Bd2 Bg7 6. e4 Nb6 7. Be3 Nc6 8. Nf3
O-O 9. Be2 e5 10. d5 Nb8 11. Qc2 c6 12. Rd1 N8d7 13. O-O Re8 14. Rd2 cxd5 15.
Nxd5 Nxd5 16. Rxd5 Qe7 17. Bb5 a6 18. Bxd7 Bxd7 19. Bc5 Qe6 20. Rd6 Qe7 21. Rfd1
Be6 22. b4 Qc7 23. Ng5 Rad8 24. Nxe6 fxe6 25. Qa4 Bf8 26. Rd7 Qc8 27. Rxd8 Rxd8
28. Bxf8 Rxd1+ 29. Qxd1 Kxf8 30. Qd6+ Kf7 31. g3 Kf6 32. Kg2 g5 33. h3 h5 34. a4
g4 35. h4 Qe8 36. b5 axb5 37. axb5 Qf7 38. b6 Kg6 39. Kg1 Qf6 40. Qd7 Kh6 41.
Qxb7 Qf3 42. Qc6 Qd1+ 43. Kh2 Qb3 44. b7 Qa2 45. Kg2 Qb3 46. Qc8 Qf3+ 47. Kg1
Qd1+ 48. Kh2 1-0

[Event "London Classic FIDE Open"]
[Site "London ENG"]
[Date "2011.12.11"]
[Round "9"]
[White "Mikalsen, Erlend"]
[Black "Surendran, N."]
[Result "0-1"]
[WhiteElo "2063"]
[BlackElo "2207"]
[WhiteFideId "1507338"]
[BlackFideId "5021243"]
[EventDate "2011.12.03"]

1. e4 c5 2. Nf3 d6 3. d4 cxd4 4. Nxd4 Nf6 5. Nc3 a6 6. Be2 e5 7. Nb3 Be7 8. Be3
O-O 9. g4 Be6 10. g5 Nfd7 11. Qd2 Nc6 12. O-O-O b5 13. f4 exf4 14. Bxf4 Nce5 15.
Nd4 Nb6 16. Nf5 Bxf5 17. exf5 Nec4 18. Bxc4 Nxc4 19. Qg2 Qa5 20. Rd4 Qb4 21. Nd1
Rfc8 22. Qe4 d5 23. Qd3 Bc5 24. Rxd5 Nxb2 25. Qf3 Nc4 26. g6 Na3 27. gxf7+ Kh8
28. Nc3 Bf8 29. Be5 Ra7 30. Qh3 Rxf7 31. f6 Re8 32. fxg7+ Bxg7 33. Qh5 Bxe5 34.
Qxf7 Rf8 35. Qh5 Bxc3 36. Rg1 Qb1# 0-1

[Event "London Classic FIDE Open"]
[Site "London ENG"]
[Date "2011.12.11"]
[Round "9"]
[White "Farrell, Neil"]
[Black "Wallis, Ian J"]
[Result "1/2-1/2"]
[WhiteElo "2181"]
[BlackElo "2003"]
[WhiteFideId "2400588"]
[BlackFideId "468452"]
[EventDate "2011.12.03"]

1. d4 Nf6 2. Nf3 e6 3. e3 b6 4. Bd3 Ba6 5. Bxa6 Nxa6 6. O-O Be7 7. c4 O-O 8. Nc3
c5 9. Qe2 d6 10. b3 Nb8 11. Rd1 cxd4 12. Nxd4 a6 13. Qf3 Ra7 14. Ba3 Qc8 15.
Rac1 Rc7 16. Bb2 Rd8 17. Qe2 d5 1/2-1/2

[Event "London Classic FIDE Open"]
[Site "London ENG"]
[Date "2011.12.11"]
[Round "9"]
[White "Hansen, Pal Andreas"]
[Black "Blazquez, Denis"]
[Result "1/2-1/2"]
[WhiteElo "2056"]
[BlackElo "2178"]
[WhiteFideId "1506145"]
[BlackFideId "601705"]
[EventDate "2011.12.03"]

1. e4 c5 2. Nf3 Nf6 3. Nc3 Nc6 4. d4 cxd4 5. Nxd4 d6 6. Be2 e5 7. Nb3 Be7 8. O-O
O-O 9. Bg5 a5 10. Nd2 Be6 11. Bxf6 Bxf6 12. Nc4 Nd4 13. Bd3 Bg5 14. Nd5 b5 15.
Nce3 Rb8 16. c3 Nc6 17. Qe2 Bxe3 18. Nxe3 Qb6 19. Kh1 Ne7 20. Qf3 1/2-1/2